Carbon-carbon bond activation at chromium(I): an 11-electron complex cleaving dialkynes
An 11-electron T-shaped chromium(I) complex was obtained by reduction of a PNP-supported chromium(II) iodide complex. Its d5 high-spin electronic structure was characterized employing paramagnetic NMR, EPR, UV/Vis and magnetic measurements (SQUID). The complex readily reacts with conjugated dialkyne...
Saved in:
| Main Authors: | , , , , |
|---|---|
| Format: | Article (Journal) |
| Language: | English |
| Published: |
December 16, 2024
|
| In: |
Angewandte Chemie. International edition
Year: 2024, Volume: 63, Issue: 51, Pages: 1-6 |
| ISSN: | 1521-3773 |
| DOI: | 10.1002/anie.202418646 |
| Online Access: | Verlag, kostenfrei, Volltext: https://doi.org/10.1002/anie.202418646 Verlag, kostenfrei, Volltext: https://onlinelibrary.wiley.com/doi/abs/10.1002/anie.202418646 |
| Author Notes: | Felix Braun, Tim Bruckhoff, Jonas C. Ott, Joachim Ballmann, and Lutz H. Gade |
MARC
| LEADER | 00000caa a2200000 c 4500 | ||
|---|---|---|---|
| 001 | 1925464091 | ||
| 003 | DE-627 | ||
| 005 | 20250717013427.0 | ||
| 007 | cr uuu---uuuuu | ||
| 008 | 250513s2024 xx |||||o 00| ||eng c | ||
| 024 | 7 | |a 10.1002/anie.202418646 |2 doi | |
| 035 | |a (DE-627)1925464091 | ||
| 035 | |a (DE-599)KXP1925464091 | ||
| 035 | |a (OCoLC)1528045328 | ||
| 040 | |a DE-627 |b ger |c DE-627 |e rda | ||
| 041 | |a eng | ||
| 084 | |a 30 |2 sdnb | ||
| 100 | 1 | |a Braun, Felix |d 1993- |e VerfasserIn |0 (DE-588)1253060010 |0 (DE-627)1794945598 |4 aut | |
| 245 | 1 | 0 | |a Carbon-carbon bond activation at chromium(I) |b an 11-electron complex cleaving dialkynes |c Felix Braun, Tim Bruckhoff, Jonas C. Ott, Joachim Ballmann, and Lutz H. Gade |
| 264 | 1 | |c December 16, 2024 | |
| 300 | |b Illustrationen | ||
| 300 | |a 6 | ||
| 336 | |a Text |b txt |2 rdacontent | ||
| 337 | |a Computermedien |b c |2 rdamedia | ||
| 338 | |a Online-Ressource |b cr |2 rdacarrier | ||
| 500 | |a Online verfügbar: 28. Oktober 2024 | ||
| 500 | |a Gesehen am 13.05.2025 | ||
| 520 | |a An 11-electron T-shaped chromium(I) complex was obtained by reduction of a PNP-supported chromium(II) iodide complex. Its d5 high-spin electronic structure was characterized employing paramagnetic NMR, EPR, UV/Vis and magnetic measurements (SQUID). The complex readily reacts with conjugated dialkynes to cleave the internal C−C bond, forming the respective acetylide complexes. Varying the alkyne substituents enabled the isolation and characterization of dinuclear dialkynedichromium intermediates which thermally convert to the products. | ||
| 650 | 4 | |a C-C bond activation | |
| 650 | 4 | |a chromium | |
| 650 | 4 | |a dialkynes | |
| 650 | 4 | |a pincer ligands | |
| 650 | 4 | |a T-shaped complexes | |
| 700 | 1 | |a Bruckhoff, Tim |e VerfasserIn |0 (DE-588)1189103850 |0 (DE-627)1667849581 |4 aut | |
| 700 | 1 | |a Ott, Jonas C. |d 1991- |e VerfasserIn |0 (DE-588)1206372842 |0 (DE-627)1692374311 |4 aut | |
| 700 | 1 | |a Ballmann, Joachim |d 1979-2025 |e VerfasserIn |0 (DE-588)137662866 |0 (DE-627)594828848 |0 (DE-576)304830542 |4 aut | |
| 700 | 1 | |a Gade, Lutz H. |d 1963- |e VerfasserIn |0 (DE-588)1019812737 |0 (DE-627)691026750 |0 (DE-576)358881870 |4 aut | |
| 773 | 0 | 8 | |i Enthalten in |t Angewandte Chemie. International edition |d Weinheim : Wiley-VCH, 1998 |g 63(2024), 51, Artikel-ID e202418646, Seite 1-6 |h Online-Ressource |w (DE-627)320497879 |w (DE-600)2011836-3 |w (DE-576)111552060 |x 1521-3773 |7 nnas |a Carbon-carbon bond activation at chromium(I) an 11-electron complex cleaving dialkynes |
| 773 | 1 | 8 | |g volume:63 |g year:2024 |g number:51 |g elocationid:e202418646 |g pages:1-6 |g extent:6 |a Carbon-carbon bond activation at chromium(I) an 11-electron complex cleaving dialkynes |
| 856 | 4 | 0 | |u https://doi.org/10.1002/anie.202418646 |x Verlag |x Resolving-System |z kostenfrei |3 Volltext |
| 856 | 4 | 0 | |u https://onlinelibrary.wiley.com/doi/abs/10.1002/anie.202418646 |x Verlag |z kostenfrei |3 Volltext |
| 951 | |a AR | ||
| 992 | |a 20250513 | ||
| 993 | |a Article | ||
| 994 | |a 2024 | ||
| 998 | |g 1019812737 |a Gade, Lutz H. |m 1019812737:Gade, Lutz H. |d 120000 |d 120200 |e 120000PG1019812737 |e 120200PG1019812737 |k 0/120000/ |k 1/120000/120200/ |p 5 |y j | ||
| 998 | |g 137662866 |a Ballmann, Joachim |m 137662866:Ballmann, Joachim |d 120000 |d 120200 |d 60000 |e 120000PB137662866 |e 120200PB137662866 |e 60000PB137662866 |k 0/120000/ |k 1/120000/120200/ |k 0/60000/ |p 4 | ||
| 998 | |g 1189103850 |a Bruckhoff, Tim |m 1189103850:Bruckhoff, Tim |d 120000 |d 120200 |e 120000PB1189103850 |e 120200PB1189103850 |k 0/120000/ |k 1/120000/120200/ |p 2 | ||
| 998 | |g 1253060010 |a Braun, Felix |m 1253060010:Braun, Felix |d 120000 |d 120200 |e 120000PB1253060010 |e 120200PB1253060010 |k 0/120000/ |k 1/120000/120200/ |p 1 |x j | ||
| 999 | |a KXP-PPN1925464091 |e 4723826866 | ||
| BIB | |a Y | ||
| SER | |a journal | ||
| JSO | |a {"relHost":[{"note":["Gesehen am 20.12.2022","Fortsetzung der Druck-Ausgabe"],"titleAlt":[{"title":"Angewandte Chemie / International edition"}],"pubHistory":["37.1998 -"],"title":[{"title":"Angewandte Chemie","title_sort":"Angewandte Chemie","subtitle":"a journal of the Gesellschaft Deutscher Chemiker","partname":"International edition"}],"type":{"media":"Online-Ressource","bibl":"periodical"},"part":{"pages":"1-6","year":"2024","issue":"51","volume":"63","text":"63(2024), 51, Artikel-ID e202418646, Seite 1-6","extent":"6"},"language":["eng"],"recId":"320497879","corporate":[{"display":"Gesellschaft Deutscher Chemiker","role":"isb"}],"disp":"Carbon-carbon bond activation at chromium(I) an 11-electron complex cleaving dialkynesAngewandte Chemie. International edition","origin":[{"publisherPlace":"Weinheim","publisher":"Wiley-VCH","dateIssuedKey":"1998","dateIssuedDisp":"1998-"}],"id":{"doi":["10.1002/(ISSN)1521-3773"],"zdb":["2011836-3"],"issn":["1521-3773"],"eki":["320497879"]},"physDesc":[{"extent":"Online-Ressource"}]}],"note":["Online verfügbar: 28. Oktober 2024","Gesehen am 13.05.2025"],"name":{"displayForm":["Felix Braun, Tim Bruckhoff, Jonas C. Ott, Joachim Ballmann, and Lutz H. Gade"]},"language":["eng"],"type":{"bibl":"article-journal","media":"Online-Ressource"},"title":[{"subtitle":"an 11-electron complex cleaving dialkynes","title":"Carbon-carbon bond activation at chromium(I)","title_sort":"Carbon-carbon bond activation at chromium(I)"}],"recId":"1925464091","id":{"eki":["1925464091"],"doi":["10.1002/anie.202418646"]},"physDesc":[{"noteIll":"Illustrationen","extent":"6 S."}],"person":[{"role":"aut","display":"Braun, Felix","given":"Felix","family":"Braun"},{"family":"Bruckhoff","given":"Tim","display":"Bruckhoff, Tim","role":"aut"},{"given":"Jonas C.","family":"Ott","role":"aut","display":"Ott, Jonas C."},{"family":"Ballmann","given":"Joachim","display":"Ballmann, Joachim","role":"aut"},{"given":"Lutz H.","family":"Gade","role":"aut","display":"Gade, Lutz H."}],"origin":[{"dateIssuedDisp":"December 16, 2024","dateIssuedKey":"2024"}]} | ||
| SRT | |a BRAUNFELIXCARBONCARB1620 | ||